| 000 | 02492nam2a22002531 4500 | ||
|---|---|---|---|
| 001 | rc\4782907 | ||
| 005 | 20250613065742.0 | ||
| 035 | _a(NLR Aleph) 008998126 | ||
| 090 |
_a9289662 _c9289662 |
||
| 100 | _a20130417d1968 |||y0rusy50 ca | ||
| 101 | 0 | _arus | |
| 102 | _aRU | ||
| 105 | _aa b ||||| | ||
| 200 | 1 |
_a[Бульдозеры, автогрейдеры, грейдеры-элеваторы, скреперы, землевозы, катки самоходные, оборудование для изготовления арматуры] _fМ-во монтажных и спец. строит. работ СССР. Главстроймеханизация. Проектно-конструкторская контора "Проектстроймеханизация" |
|
| 210 |
_d1968 _aБ. м. |
||
| 215 |
_a344 с. _cил. _d30 |
||
| 300 | _aЗагл. ч. 4: Нормы расхода запасных частей и резинотехнических изделий на капитальный ремонт и на год работы машины | ||
| 461 | 0 |
_1001rc\4782902 _12001#$aНормы расхода запасных частей и резинотехнических изделий на капитальный ремонт и на год работы машины$eКаталог-справочник$eЧ. 1-$fГос. производ. ком. по монтажным и спец. строит. работам СССР. Главстроймеханизация. Проектно-конструкторская контора "Проектстроймеханизация"$vЧ. 5 _99289632 _cМосква _d1965 _fГос. производ. ком. по монтажным и спец. строит. работам СССР. Главстроймеханизация. Проектно-конструкторская контора "Проектстроймеханизация" _nЛесная пром-сть _oКаталог-справочник : Ч. 1- _tНормы расхода запасных частей и резинотехнических изделий на капитальный ремонт и на год работы машины _vЧ. 5 |
|
| 517 | 0 | _aНормы расхода запасных частей и резинотехнических изделий на капитальный ремонт и на год работы машины | |
| 801 | 0 |
_aRU _bNLR _gpsbo |
|
| 801 | 1 |
_aRU _bELAR _2rusmarc |
|
| 852 |
_aNLR _j65-7/1704 |
||
| 942 | _cBOOK | ||
| 980 | _aNB | ||